[Event "Perm op 08"]
[Site "Perm"]
[Date "2009.08.21"]
[Round "9"]
[White "Tsyganov, Alexander"]
[Black "Syrchikov, Alexander"]
[Result "0-1"]
[WhiteElo "2093"]
[BlackElo "2301"]
[PlyCount "82"]
[EventDate "2009.08.11"]
[EventType "swiss"]
[EventRounds "9"]
[EventCountry "RUS"]
[SourceTitle "CBM 132 Extra"]
[Source "ChessBase"]
[SourceDate "2009.11.03"]
[SourceVersion "1"]
[SourceVersionDate "2009.11.03"]
[SourceQuality "1"]

1. c4 e5 2. Nc3 Nf6 3. g3 d5 4. cxd5 Nxd5 5. Bg2 Nb6 6. d3 Nc6 7. Nf3 Be7 8. 0-0 0-0 9. h4 Bg4 10. Ng5 Qd7 11. Be3 h6 12. Nge4 Nd4 13. f3 Be6 14. f4 exf4 15. Bxf4 Nd5 16. Nxd5 Bxd5 17. Kh2 f5 18. Rc1 Ne6 19. Nc3 Bxg2 20. Kxg2 Nxf4+ 21. Rxf4 Bd6 22. Rf3 c6 23. Qb3+ Kh8 24. e3 Rae8 25. Rcf1 Bc5 26. d4 Bd6 27. Qc2 Qe6 28. Qa4 b5 29. Qa6 b4 30. Ne2 Qe4 31. Rc1 Rc8 32. Qc4 a5 33. Nf4 Bxf4 34. gxf4 Rf6 35. d5 Rg6+ 36. Kf2 Qxc4 37. Rxc4 Rd6 38. dxc6 Rdxc6 39. Rxc6 Rxc6 40. Ke1 Rc1+ 41. Kd2 Rh1 0-1